Представление документа в формате MARC21

Поле Инд. ПП Название Значение
Тип записи a
Библиографический уровень m
001 Контрольный номер 968777d3de1344959a2cea4389892feb
005 Дата корректировки 20250224154049.4
020 a ISBN 978-5-9656-0343-5
080 a Индекс УДК 332.1(075.8)
080 a Индекс УДК 339.137(075.8)
084 a Индекс другой классификации/Индекс ББК У049(2Рос)
090 x Авторский знак П 96
a Полочн. индекс У04
097 b Оператор *Ст*
097 b Оператор *Ир*
100 1_ a Автор Пьянкова С.Г.
245 10 a Заглавие Оценка конкурентоспособности территорий
b Продолж. заглавия учебное пособие
c Ответственность Свердловская региональная общественная организация Вольного экономического общества России, Уральский государственный экономический университет
260 a Место издания Екатеринбург
c Дата издания 2023
b Издательство Уральский государственный экономический университет
300 a Объем 197 с.
b Иллюстрации/ тип воспроизводства ил.
516 8_ a Прим. о типе комп. файла/ данных Текст : непосредственный
520 0_ a Аннотация В учебном пособии освещены вопросы оценки конкурентоспособности территорий, известные методы проведения оценки, акцентируется внимание на региональном уровне. Рассматриваются теоретико-методологические основы понятий "конкуренция", "конкурентоспособность", регионы-лидеры, а также полюса роста Российской Федерации. Пособие раскрывает ключевые аспекты пространственной политики в России. Подробно рассматриваются способы повышения конкурентоспособности территорий в современных социально-экономических условиях: создание территорий опережающего социально-экономического развития, умных городов, создание территориального бренда, применение маркетинга региона. Учебное пособие предназначено для магистрантов, обучающихся по направлению подготовки 38.04.04 "Государственное и муниципальное управление" всех форм обучения.
653 0_ a Ключевые слова Конкурентоспособность территорий
653 0_ a Ключевые слова Региональная экономика
653 0_ a Ключевые слова Региональный маркетинг
653 0_ a Ключевые слова Пространственное развитие
653 0_ a Ключевые слова Умный город
655 a Жанр/ форма (устаревшее) *У*
700 12 a Другие авторы Антипин И.А.
700 12 a Другие авторы Орехова С.В.
901 t Тип документа m
905 b Дата создания записи обработка 17.01.25
952 e Факультет *ФУСК*
a Тип литературы для КСУ ВШ *У2*
952 b Гриф литературы для ВШ Гриф УМС
990 h N записи в КСУ для Б/У (DOS) 43/2024
990 f Даты поступлений (DOS) 01.10.24
g Размещение заказа (DOS) пожертвование православного Прихода Успенского
j Количество экземпляров (DOS) 1
990 c Приоритет заказа (DOS) *д*